000 00312nam a22001337a 4500
008 181217b xxu||||| |||| 00| 0 eng d
020 _a9780131713482
041 _aeng
080 _a610
100 _a4
101 _aSHM
245 _aMath Skills For Allied Health Careers
_cDaniel.L.t
942 _2udc
_cBK
999 _c53304
_d53304